Pokémon in the Hoenn Pokédex - Statistics

General Stats
  • This quiz has been taken 78 times
  • The average score is 181 of 211
Answer Stats
# Type Pokémon % Correct
006 Fire/Fighting Blaziken
100%
017 Bug Cascoon
100%
005 Fire/Fighting Combusken
100%
018 Bug/Poison Dustox
100%
031 Psychic/Fairy Gardevoir
100%
002 Grass Grovyle
100%
030 Psychic/Fairy Kirlia
100%
008 Water/Ground Marshtomp
100%
007 Water Mudkip
100%
028 Water/Flying Pelipper
100%
029 Psychic/Fairy Ralts
100%
003 Grass Sceptile
100%
015 Bug Silcoon
100%
009 Water/Ground Swampert
100%
026 Normal/Flying Swellow
100%
025 Normal/Flying Taillow
100%
004 Fire Torchic
100%
001 Grass Treecko
100%
027 Water/Flying Wingull
100%
014 Bug Wurmple
100%
016 Bug/Flying Beautifly
97%
154 Ghost Dusclops
97%
020 Water/Grass Lombre
97%
019 Water/Grass Lotad
97%
021 Water/Grass Ludicolo
97%
011 Dark Mightyena
97%
023 Grass/Dark Nuzleaf
97%
010 Dark Poochyena
97%
022 Grass Seedot
97%
156 Grass/Flying Tropius
97%
074 Steel/Rock Aggron
94%
127 Dragon/Flying Altaria
94%
072 Steel/Rock Aron
94%
152 Ghost Banette
94%
153 Ghost Duskull
94%
123 Ground/Dragon Flygon
94%
073 Steel/Rock Lairon
94%
138 Rock/Grass Lileep
94%
013 Normal Linoone
94%
130 Rock/Psychic Lunatone
94%
079 Fighting/Psychic Medicham
94%
078 Fighting/Psychic Meditite
94%
044 Bug/Flying Ninjask
94%
082 Electric Plusle
94%
045 Bug/Ghost Shedinja
94%
024 Grass/Dark Shiftry
94%
035 Grass Shroomish
94%
151 Ghost Shuppet
94%
131 Rock/Psychic Solrock
94%
033 Bug/Water Surskit
94%
121 Ground Trapinch
94%
012 Normal Zigzagoon
94%
140 Rock/Bug Anorith
91%
141 Rock/Bug Armaldo
91%
055 Normal/Fairy Azurill
91%
196 Dragon Bagon
91%
199 Steel/Psychic Beldum
91%
036 Grass/Fighting Breloom
91%
102 Water/Dark Carvanha
91%
139 Rock/Grass Cradily
91%
058 Rock/Ground Geodude
91%
180 Ice Glalie
91%
092 Grass/Poison Gloom
91%
060 Rock/Ground Golem
91%
059 Rock/Ground Graveler
91%
208 Ground Groudon
91%
050 Fighting Hariyama
91%
207 Water Kyogre
91%
084 Electric/Steel Magnemite
91%
085 Electric/Steel Magneton
91%
049 Fighting Makuhita
91%
034 Bug/Flying Masquerain
91%
201 Steel/Psychic Metagross
91%
200 Steel/Psychic Metang
91%
083 Electric Minun
91%
043 Bug/Ground Nincada
91%
091 Grass/Poison Oddish
91%
209 Dragon/Flying Rayquaza
91%
203 Ice Regice
91%
202 Rock Regirock
91%
204 Steel Registeel
91%
198 Dragon/Flying Salamence
91%
183 Ice/Water Sealeo
91%
103 Water/Dark Sharpedo
91%
182 Ice/Water Spheal
91%
122 Ground/Dragon Vibrava
91%
093 Grass/Poison Vileplume
91%
184 Ice/Water Walrein
91%
040 Psychic Abra
88%
042 Psychic Alakazam
88%
057 Water/Fairy Azumarill
88%
136 Ground/Psychic Baltoy
88%
124 Grass Cacnea
88%
125 Grass/Dark Cacturne
88%
107 Fire/Ground Camerupt
88%
137 Ground/Psychic Claydol
88%
067 Flying/Poison Crobat
88%
211 Psychic Deoxys
88%
048 Normal Exploud
88%
066 Flying/Poison Golbat
88%
142 Normal/Fairy Igglybuff
88%
143 Normal/Fairy Jigglypuff
88%
210 Steel/Psychic Jirachi
88%
041 Psychic Kadabra
88%
205 Dragon/Psychic Latias
88%
206 Dragon/Psychic Latios
88%
047 Normal Loudred
88%
077 Fighting Machamp
88%
076 Fighting Machoke
88%
075 Fighting Machop
88%
109 Fire/Rock Magcargo
88%
081 Electric Manectric
88%
056 Water/Fairy Marill
88%
071 Steel/Fairy Mawile
88%
106 Fire/Ground Numel
88%
163 Electric Pikachu
88%
197 Dragon Shelgon
88%
120 Steel/Flying Skarmory
88%
039 Normal Slaking
88%
037 Normal Slakoth
88%
108 Fire Slugma
88%
179 Ice Snorunt
88%
126 Normal/Flying Swablu
88%
068 Water/Poison Tentacool
88%
069 Water/Poison Tentacruel
88%
038 Normal Vigoroth
88%
104 Water Wailmer
88%
105 Water Wailord
88%
133 Water/Ground Whiscash
88%
144 Normal/Fairy Wigglytuff
88%
065 Flying/Poison Zubat
88%
094 Grass Bellossom
85%
080 Electric Electrike
85%
187 Water Gorebyss
85%
100 Poison Gulpin
85%
186 Water Huntail
85%
086 Electric/Steel Magnezone
85%
162 Electric Pichu
85%
164 Electric Raichu
85%
070 Ghost/Dark Sableye
85%
101 Poison Swalot
85%
110 Fire Torkoal
85%
046 Normal Whismur
85%
159 Dark Absol
82%
132 Water/Ground Barboach
82%
185 Water Clamperl
82%
134 Water Corphish
82%
135 Water/Dark Crawdaunt
82%
181 Ice/Ghost Froslass
82%
032 Psychic/Fighting Gallade
82%
111 Poison Grimer
82%
054 Water/Flying Gyarados
82%
053 Water Magikarp
82%
112 Poison Muk
82%
061 Rock Nosepass
82%
129 Poison Seviper
82%
128 Normal Zangoose
82%
155 Ghost Dusknoir
79%
145 Water Feebas
79%
175 Bug/Fighting Heracross
79%
090 Bug Illumise
79%
146 Water Milotic
79%
188 Water/Rock Relicanth
79%
098 Grass/Poison Roselia
79%
119 Normal Spinda
79%
089 Bug Volbeat
79%
190 Water/Electric Chinchou
76%
064 Normal Delcatty
76%
088 Electric Electrode
76%
193 Water Horsea
76%
195 Water/Dragon Kingdra
76%
192 Water Luvdisc
76%
169 Psychic/Flying Natu
76%
194 Water Seadra
76%
063 Normal Skitty
76%
149 Water/Psychic Starmie
76%
148 Water Staryu
76%
087 Electric Voltorb
76%
170 Psychic/Flying Xatu
76%
097 Grass/Poison Budew
74%
158 Psychic Chimecho
74%
051 Water Goldeen
74%
191 Water/Electric Lanturn
74%
062 Rock/Steel Probopass
74%
177 Ground/Rock Rhydon
74%
176 Ground/Rock Rhyhorn
74%
099 Grass/Poison Roserade
74%
117 Ground Sandshrew
74%
118 Ground Sandslash
74%
052 Water Seaking
74%
157 Psychic Chingling
71%
171 Normal/Psychic Girafarig
71%
113 Poison Koffing
71%
114 Poison Weezing
71%
147 Normal Castform
68%
189 Water/Rock Corsola
68%
116 Psychic Grumpig
68%
161 Fire Ninetales
68%
160 Fire Vulpix
68%
150 Normal Kecleon
65%
174 Bug Pinsir
65%
178 Ground/Rock Rhyperior
65%
115 Psychic Spoink
65%
166 Water Golduck
59%
165 Water Psyduck
59%
167 Psychic Wynaut
59%
096 Normal/Flying Dodrio
56%
095 Normal/Flying Doduo
56%
173 Ground Donphan
56%
172 Ground Phanpy
56%
168 Psychic Wobbuffet
56%
No matching quizzes found
Score Distribution
Percent of People with Each Score
Percentile by Number Answered
Your Score History
You have not taken this quiz